Interior spaces of the USA and Canada : (Record no. 3080)
[ view plain ]
| 000 -LEADER | |
|---|---|
| fixed length control field | 01188nac a22003251i 4500 |
| 003 - CONTROL NUMBER IDENTIFIER | |
| control field | EG-ScBUE |
| 005 - DATE AND TIME OF LATEST TRANSACTION | |
| control field | 20230102110614.0 |
| 008 - FIXED-LENGTH DATA ELEMENTS--GENERAL INFORMATION | |
| fixed length control field | 230102s2000 vraa f 001 0 eng d |
| 020 ## - INTERNATIONAL STANDARD BOOK NUMBER | |
| International Standard Book Number | 1864700300 (v.5) |
| 020 ## - INTERNATIONAL STANDARD BOOK NUMBER | |
| International Standard Book Number | 9781864700305 |
| 040 ## - CATALOGING SOURCE | |
| Original cataloging agency | EG-ScBUE |
| Language of cataloging | eng |
| Description conventions | rda |
| Transcribing agency | EG-ScBUE |
| Modifying agency | EG-ScBUE |
| 043 ## - GEOGRAPHIC AREA CODE | |
| Geographic area code | n-us--- |
| -- | n-cn--- |
| 082 04 - DEWEY DECIMAL CLASSIFICATION NUMBER | |
| Classification number | 729.0973 |
| Edition number | 22 |
| Item number | INT |
| 245 00 - TITLE STATEMENT | |
| Title | Interior spaces of the USA and Canada : |
| Remainder of title | a pictorial review. |
| Number of part/section of a work | volume 5. |
| 264 #1 - PUBLICATION, DISTRIBUTION, ETC. (IMPRINT) | |
| Place of publication, distribution, etc | Mulgrave, Victoria : |
| Name of publisher, distributor, etc | Images Australia, |
| Date of publication, distribution, etc | 2000. |
| 300 ## - PHYSICAL DESCRIPTION | |
| Extent | 224 pages : |
| Other physical details | illustrations (chiefly color) ; |
| Dimensions | 31 cm |
| 336 ## - CONTENT TYPE | |
| Source | rdacontent |
| Content type term | text |
| Content type code | txt |
| 337 ## - MEDIA TYPE | |
| Source | rdamedia |
| Media type term | unmediated |
| Media type code | n |
| 338 ## - CARRIER TYPE | |
| Source | rdacarrier |
| Carrier type term | volume |
| Carrier type code | nc |
| 500 ## - GENERAL NOTE | |
| General note | Includes index. |
| 650 #7 - SUBJECT ADDED ENTRY--TOPICAL TERM | |
| Topical term or geographic name as entry element | Interior architecture |
| Geographic subdivision | United States |
| Form subdivision | Pictorial works. |
| Source of heading or term | BUEsh |
| 650 #7 - SUBJECT ADDED ENTRY--TOPICAL TERM | |
| Topical term or geographic name as entry element | Interior decoration |
| Geographic subdivision | United States |
| Form subdivision | Pictorial works. |
| Source of heading or term | BUEsh |
| 650 #7 - SUBJECT ADDED ENTRY--TOPICAL TERM | |
| Topical term or geographic name as entry element | Public architecture |
| Geographic subdivision | United States. |
| Source of heading or term | BUEsh |
| 650 #7 - SUBJECT ADDED ENTRY--TOPICAL TERM | |
| Topical term or geographic name as entry element | Interior architecture |
| Geographic subdivision | Canada |
| Form subdivision | Pictorial works. |
| Source of heading or term | BUEsh |
| 650 #7 - SUBJECT ADDED ENTRY--TOPICAL TERM | |
| Topical term or geographic name as entry element | Interior decoration |
| Geographic subdivision | Canada |
| Form subdivision | Pictorial works. |
| Source of heading or term | BUEsh |
| 650 #7 - SUBJECT ADDED ENTRY--TOPICAL TERM | |
| Topical term or geographic name as entry element | Public architecture |
| Geographic subdivision | Canada. |
| Source of heading or term | BUEsh |
| 653 ## - INDEX TERM--UNCONTROLLED | |
| Resource For college | Arts and Design |
| 655 ## - INDEX TERM--GENRE/FORM | |
| Form subdivision | Reading book |
| 942 ## - ADDED ENTRY ELEMENTS (KOHA) | |
| Koha item type | Book - Borrowing |
| Source of classification or shelving scheme | Dewey Decimal Classification |
| Withdrawn status | Lost status | Damaged status | Not for loan | Home library | Current library | Shelving location | Date acquired | Source of acquisition | Total Checkouts | Total Renewals | Full call number | Barcode | Date last seen | Date checked out | Price effective from | Koha item type |
|---|---|---|---|---|---|---|---|---|---|---|---|---|---|---|---|---|
| Central Library | Central Library | Second Floor | 19/03/2007 | Purchase | 6 | 2 | 729.0973 INT | 000001446 | 15/02/2026 | 22/10/2013 | 19/03/2007 | Book - Borrowing |